| 000 | 01001cam a2200289 i 4500 | ||
|---|---|---|---|
| 001 | 17389146 | ||
| 005 | 20140916133742.0 | ||
| 008 | 120717t2013 xxka frb 001 0 eng d | ||
| 010 | _a2012944559 | ||
| 020 | _a9781446249178 (Cloth) | ||
| 020 | _a9781446249185 (pbk) | ||
| 040 |
_aDLC _beng _erda _cDLC _dEG-ScBUE |
||
| 082 | 0 | 0 |
_222 _a005.55 _bFIE |
| 100 | 1 |
_aField, Andy P. _936072 |
|
| 240 | 1 | 0 | _aDiscovering statistics using SPSS |
| 245 | 1 | 0 |
_aDiscovering statistics using IBM SPSS statistics : _band sex and drugs and rock 'n' roll / _cAndy Field. |
| 250 | _a4th ed. | ||
| 260 |
_aLondon : _bSage, _cc.2013 _e([Berlin] : _fMohn Media Mohndruck Gmbh) |
||
| 300 |
_axxxvi, 915 p. : _bill. (col.) ; _c28 cm. |
||
| 500 | _aIndex : p. 908-915. | ||
| 504 | _aBibliography : p. 899-907. | ||
| 630 | 0 | 0 |
_aSPSS for Windows _94287 |
| 650 | 0 |
_aSocial sciences _xStatistical methods _xComputer programs _99573 |
|
| 653 |
_bPPhrm _cSeptember2014 |
||
| 655 |
_vtext book _933728 |
||
| 942 |
_2ddc _k005.55 FIE |
||
| 999 |
_c18383 _d18355 |
||